Inazuma Eleven : Techniques d'Axel Blaze - Statistiques

Statistiques générales
  • Ce quiz a été pris 358 fois
  • Le résultat moyen est 11 sur 18
Statistiques - réponses
Hint Réponse Première utilisation % Correct
TIR Tornade de Feu S1
100%
TIR Tempête de Feu S2
96%
TIR Trampoline du Tonnerre S1
79%
TIR Feu Tout-Puissant S3
78%
TIR Tornade du Dragon S1
78%
TIR Feu Glacé S2
74%
TIR Tourbillon de Feu S3
74%
TIR La Terre S2
69%
TIR Tempête du Tigre S3
68%
TIR Foudre S1
62%
TIR Éclair Pulvérisant S1
61%
TIR Ouragan Inazuma S3
61%
TIR Brasier Absolu Film : Tous unis contre l'équipe Ultime Ogre !
50%
TIR Oiseau de Feu S1
48%
TIR Last Resort Orion
36%
TIR Tornade Puissance 2 S1
35%
TIR Légende Suprême Film : Tous unis contre l'équipe Ultime Ogre !
34%
TIR Super Trampoline du Tonnerre S1
29%
Aucun quiz correspondant
Distribution des résultats
% des personnes avec chaque résultat
Percentile par nombre de réponses
Votre historique - résultats
Vous n’avez pas pris ce quiz